Loving boldly : issues facing lesbians /
Guardat en:
| Autors principals: | , |
|---|---|
| Format: | Llibre |
| Idioma: | anglès |
| Publicat: |
New York :
Harrington,
1989
|
| Etiquetes: |
Sense etiquetes, Sigues el primer a etiquetar aquest registre!
|
MARC
| LEADER | 00000nam a22000007i 4500 | ||
|---|---|---|---|
| 001 | IT\ICCU\UBO\3460945 | ||
| 003 | ItRI | ||
| 005 | 20260115231827.0 | ||
| 008 | 080723s1989 xxu|||||| ||||| |||||c | ||
| 020 | |a 0918393582 | ||
| 040 | |b ita |c importazione bologna sebina | ||
| 041 | 7 | |a eng |2 ISO-639-2 | |
| 100 | 1 | |a Rothblum, Esther D. |0 IT\ICCU\UBOV\602542 |4 aut | |
| 245 | 1 | 0 | |a Loving boldly : |b issues facing lesbians / |c edited by Esther D. Rothblum and Ellen Cole. |
| 260 | |a New York : |b Harrington, |c 1989 | ||
| 300 | |a 224 p.; 22 cm | ||
| 500 | |a Pubbl. simultaneamente in: Women & Therapy, vol. 8, n.1/2 (1989) con il tit.: Lesbianism: affirming nontraditional roles. | ||
| 700 | 1 | |a Cole, Ellen |0 IT\ICCU\IEIV\047826 |4 aut | |
| 942 | |2 ddc |c BK |n 0 | ||
| 952 | |0 0 |1 0 |4 0 |6 L_306_766000000000000_ROT |7 0 |9 13676 |a BO |b BO |d 2026-01-15 |i 1932 |l 0 |o L 306.766 ROT |p BO1932 |r 2026-01-15 23:18:27 |w 2026-01-15 |x [Sebina 5] [1 v.] |y BK |z 1 v. | ||
| 999 | |c 11764 |d 11764 | ||